000 00837nam a2200205 i 4500
001 100791
003 ES-MaACL
005 20251011063120.0
007 t|
008 051005s1950 sp ||||1| spa d
100 1 _aMatilla Tascón, Antonio,
_d1914-2001
_979079
245 1 0 _aCatálogo de la Colección de Ordenes Generales de Rentas
_b: (aportación para la historia de los tributos...) /
_cpor A. Matilla Tascón.
260 _aMadrid :
_b[s.n.],
_c1950 (
_fSucesores de Peña Cruz)
300 _a1 v. ;
_c24 cm.
500 _aPrecede al tít.: Servicios de Estudios de la Inspección General del Ministerio de Hacienda.
505 8 _aContiene: T. I.-- (Siglo XVIII).- XIII, 727 p.
710 1 _aEspaña.
_bMinisterio de Hacienda.
_bInspección General.
_93875
852 _aES-MaACL
_jP-987
999 _c100791
_d100791